000
00266nam a22001097a 4500
008
160419b xxu||||| |||| 00| 0 eng d
020
_a
0471884464
041
_a
eng
080
_a
618.2
245
1
0
_a
Independent nursing interventions:
_c
Mariah Synder;
942
_2
udc
_c
BK
999
_c
1429
_d
1429